Geography for Dummies - Statistics

General Stats
  • This quiz has been taken 129 times
  • The average score is 39 of 45
Answer Stats
Question Tile Select % Correct
Countries of South America Australia No
97%
Parts of the United Kingdom Hokkaido No
97%
Parts of the United Kingdom Ontario No
97%
Parts of the United Kingdom England Yes
96%
Parts of the United Kingdom Normandy No
96%
Parts of the United Kingdom Wales Yes
96%
Parts of the United Kingdom Bavaria No
95%
Parts of the United Kingdom Sicily No
95%
Countries of South America Latvia No
94%
Nordic Countries Norway Yes
94%
Parts of the United Kingdom Scotland Yes
94%
Nordic Countries France No
93%
Nordic Countries Finland Yes
91%
Countries of South America Sudan No
91%
Nordic Countries Sweden Yes
91%
Countries of South America Venezuela Yes
91%
Nordic Countries Lithuania No
90%
Seas Malawi No
90%
Seas Michigan No
90%
Nordic Countries Canada No
89%
Countries of South America Chile Yes
89%
Countries of South America Mexico No
89%
Nordic Countries Russia No
89%
Seas Superior No
89%
Cities of France Budapest No
88%
Cities of France Copenhagen No
88%
Cities of France Madrid No
88%
Cities of France Bordeaux Yes
86%
Cities of France Brussels No
86%
Cities of France Marseille Yes
86%
Seas Mediterranean Yes
86%
Cities of France Milan No
86%
Seas Baikal No
83%
Seas Black Yes
83%
Countries of South America Brazil Yes
83%
Nordic Countries Denmark Yes
83%
Seas Red Yes
83%
Cities of France Nice Yes
82%
Parts of the United Kingdom Northern Ireland Yes
82%
Nordic Countries Iceland Yes
80%
Seas Caribbean Yes
79%
Countries of South America Honduras No
79%
Seas North Yes
71%
Countries of South America Suriname Yes
61%
Cities of France Strasbourg Yes
36%
No matching quizzes found
Score Distribution
Percent of People with Each Score
Percentile by Number Answered
Your Score History
You have not taken this quiz